Normal view
MARC view
Entry Personal Name
001 - CONTROL NUMBER
- control field: 37350
003 - CONTROL NUMBER IDENTIFIER
- control field: OSt
005 - DATE AND TIME OF LATEST TRANSACTION
- control field: 20230406105813.0
008 - FIXED-LENGTH DATA ELEMENTS
- fixed length control field: 230406|| aca||aabn | a|a d
040 ## - CATALOGING SOURCE
- Original cataloging agency: OSt
- Transcribing agency: OSt
100 ## - HEADING--PERSONAL NAME
- Personal name: Hall, J.L., Shin G. and Bartels, C.
670 ## - SOURCE DATA FOUND
- Source citation: Work cat.: (OSt)521635: Hall, J.L., Shin G. and Bartels, C. , Measuring the effect of performance management in local economic development policy: The case of tax increment finance districts in the Dallas-ft. worth metropolis
